00818nac a22002417a 4500001001000000003000900010005001700019008003400036040005400070072000800124100002000132110006800152245010500220260003700325300000900362490010100371650001200472650002900484650002700513650001200540650001200552650001200564BR9804360BR-BrBNA20240105122128.0230509b bl.|||m| |||| 00| 0 por d aBR-BrBNAbporcBiblioteca Nacional de Agricultura aF041 aLuz, F.J. de F.1 aCentro de Pesquisa Agroflorestal de Roraima, Boa Vista (Brasil)1 aAdubacoes nitrogenada e potassica e calagem para a cultura da cenoura em solos de cerrado em Roraima3 aBoa Vista, RR (Brasil): c1997.  a3 p. aComunicado Tecnico - Centro de Pesquisa Agroflorestal de Roraima (Brazil)vno. 1xISSN 0101-8620 aCenoura aFertilizante Nitrogenado aFertilizante Potassico aCalagem aCenoura aRoraima